Aasian 10 läntisintä pääkaupunkia - Statistics

Yleistilastot
  • Tätä visaa on pelattu 276 kertaa
  • Keskiarvotulos 7 / 10
Vastaustilastot
Pituuspiiri Pääkaupunki % Oikein
32,87 °E Ankara
95%
35,22 °E Jerusalem
92%
35,52 °E Beirut
71%
44,43 °E Bagdad
70%
35,93 °E Amman
69%
33,37 °E Nikosia
69%
44,78 °E Tbilisi
69%
36,30 °E Damaskos
64%
44,52 °E Jerevan
57%
44,20 °E Sanaa
44%
Ehtoja vastaavia visoja ei löytynyt
Tulosjakauma
Jokaisen tuloksen saaneiden osuus
Persentiili vastausten määrän mukaan
Tuloshistoriasi
Et ole pelannut tätä visaa